|
|
|
|
| LEADER |
00652cam a2200181 7i4500 |
| 001 |
0000023267 |
| 005 |
20020522090000.0 |
| 020 |
0 |
0 |
|a 983625935X
|
| 090 |
0 |
0 |
|a PM 8008
|b E595
|
| 245 |
0 |
0 |
|a Ensiklopedia bahasa utama dunia
|c [disusun oleh] Bernard Comrie;penterjemah Aishah Mahdi...[et al.].
|
| 260 |
0 |
0 |
|a Kuala Lumpur:
|b Dewan Bahasa Dan Pustaka,
|c 1998.
|
| 300 |
|
|
|a 568 p;
|c 29 cm.
|
| 650 |
0 |
0 |
|a Language and languages --
|x Encyclopedias
|
| 650 |
0 |
0 |
|a Language, Universal --
|x Encyclopedias
|
| 700 |
0 |
1 |
|a Aishah, Mahdi
|
| 700 |
1 |
1 |
|a Comrie,
|h Bernard
|
| 999 |
|
|
|a 1000398520
|b Book
|c Rujukan
|e KOLEKSI RUJUKAN
|
| 999 |
|
|
|a 1000399128
|b Book
|c Rujukan
|e KOLEKSI RUJUKAN
|